[Event "Ottavi Province-ch 79th"]
[Site "Mestre"]
[Date "2019.01.27"]
[Round "4"]
[White "Grandesso, Emanuele"]
[Black "Vianello, Viviana Sofia"]
[Result "1-0"]
[WhiteElo "2074"]
[BlackElo "1391"]
[PlyCount "105"]
[EventDate "2019.01.25"]
[EventType "swiss"]
[EventRounds "5"]
[EventCountry "ITA"]
[SourceTitle "EXT 2022"]
[Source "ChessBase"]
[SourceDate "2021.10.06"]
[SourceVersion "1"]
[SourceVersionDate "2021.10.06"]
[SourceQuality "1"]

1. d4 d5 2. g3 Bf5 3. Bg2 Nf6 4. Nf3 e6 5. 0-0 Nbd7 6. b3 c6 7. Bb2 Be7 8. e3 Ne4 9. c4 0-0 10. Nbd2 Ndf6 11. Nxe4 Bxe4 12. Qe2 Bd6 13. Nd2 Bxg2 14. Kxg2 Bb4 15. a3 Bxd2 16. Qxd2 Ne4 17. Qd3 Rc8 18. f3 Nf6 19. c5 Rb8 20. Rfb1 Qe7 21. b4 a6 22. a4 Ra8 23. b5 axb5 24. axb5 Rfb8 25. Rxa8 Rxa8 26. bxc6 bxc6 27. Qb3 Qc7 28. Bc3 Nd7 29. Qb7 Qb8 30. Rb2 Qxb7 31. Rxb7 Nb8 32. Ba5 Kf8 33. Bc7 Nd7 34. Bd6+ Ke8 35. Rc7 Kd8 36. Rxc6 Ra7 37. g4 h6 38. h4 g6 39. Bf4 h5 40. gxh5 gxh5 41. Kg3 Ke7 42. Rc7 Rxc7 43. Bxc7 Nf6 44. Bf4 Ne8 45. Kf2 Kd7 46. Ke2 Kc6 47. Kd3 f6 48. Bh2 Ng7 49. e4 f5 50. Be5 Ne8 51. exf5 exf5 52. Ke3 Kd7 53. Kf4 1-0

[Event "Ottavi Province-ch 79th"]
[Site "Mestre"]
[Date "2019.01.26"]
[Round "3"]
[White "Bozzao, Francesco"]
[Black "Grandesso, Emanuele"]
[Result "0-1"]
[WhiteElo "1847"]
[BlackElo "2074"]
[PlyCount "68"]
[EventDate "2019.01.25"]
[EventType "swiss"]
[EventRounds "5"]
[EventCountry "ITA"]
[SourceTitle "EXT 2022"]
[Source "ChessBase"]
[SourceDate "2021.10.06"]
[SourceVersion "1"]
[SourceVersionDate "2021.10.06"]
[SourceQuality "1"]

1. e4 d5 2. exd5 Qxd5 3. Nc3 Qd8 4. g3 Nf6 5. Bg2 e6 6. Nge2 Be7 7. 0-0 0-0 8. d4 Nbd7 9. Bf4 c6 10. Ne4 Nd5 11. Bd6 N7b6 12. Bxe7 Qxe7 13. Qc1 Nf6 14. Qg5 Nbd5 15. c4 h6 16. Nxf6+ Nxf6 17. Qc1 e5 18. dxe5 Qxe5 19. Re1 Qc5 20. Qf4 a5 21. Qd4 Qf5 22. Nc3 Be6 23. Ne4 Rfd8 24. Nxf6+ Qxf6 25. Qxf6 gxf6 26. b3 Rd2 27. Red1 Rad8 28. Bf3 Bh3 29. Rxd2 Rxd2 30. Bg2 Be6 31. Kf1 a4 32. Ke1 Rb2 33. bxa4 Bxc4 34. a3 Re2+ 0-1

[Event "Santa Maria di Sala op 26th"]
[Site "Santa Maria di Sala"]
[Date "2018.12.07"]
[Round "1"]
[White "Monegato, Leonardo"]
[Black "Grandesso, Emanuele"]
[Result "0-1"]
[WhiteElo "1861"]
[BlackElo "2080"]
[PlyCount "136"]
[EventDate "2018.12.07"]
[EventType "swiss"]
[EventRounds "5"]
[EventCountry "ITA"]
[SourceTitle "EXT 2022"]
[Source "ChessBase"]
[SourceDate "2021.10.06"]
[SourceVersion "1"]
[SourceVersionDate "2021.10.06"]
[SourceQuality "1"]

1. e4 d5 2. exd5 Qxd5 3. Nf3 Nf6 4. d4 e6 5. Be2 Be7 6. 0-0 c6 7. c4 Qd8 8. Nc3 0-0 9. Qc2 Qc7 10. Bg5 b6 11. Rad1 Bb7 12. Bh4 Nbd7 13. Bg3 Bd6 14. Nd2 Bxg3 15. hxg3 e5 16. Nde4 exd4 17. Nxf6+ Nxf6 18. Rxd4 c5 19. Rd2 Qe5 20. Bf3 Bxf3 21. gxf3 Rad8 22. Rfd1 Rxd2 23. Qxd2 Re8 24. b3 h5 25. Nd5 h4 26. Nxf6+ Qxf6 27. Kg2 hxg3 28. fxg3 Qe6 29. Rf1 Qe7 30. Rf2 a6 31. Qd5 Qe1 32. Qd2 Qb1 33. Qc2 Qe1 34. Qd2 Qe5 35. Qd3 Re6 36. Qd8+ Kh7 37. Qh4+ Kg6 38. Qg4+ Kf6 39. Qh4+ g5 40. Qh8+ Ke7 41. Qxe5 Rxe5 42. Rd2 Re1 43. Kf2 Ra1 44. Ke3 f5 45. f4 g4 46. Rh2 Rf1 47. Rh7+ Kf6 48. Rh6+ Kf7 49. Rxb6 Rf3+ 50. Ke2 Rxg3 51. Rxa6 Rf3 52. Ra7+ Kg6 53. Ra8 Rxf4 54. a4 Rf3 55. Rb8 Rh3 56. Kf2 Kg5 57. a5 Kf4 58. b4 Rh2+ 59. Kg1 Ra2 60. b5 Kg3 61. Kf1 Rxa5 62. b6 Ra1+ 63. Ke2 Rb1 64. b7 f4 65. Rc8 Rxb7 66. Rxc5 f3+ 67. Ke3 Re7+ 68. Kd3 Kg2 0-1

[Event "Venice Autumn op 13th"]
[Site "Venice"]
[Date "2007.11.02"]
[Round "2"]
[White "Kasparov, Sergey"]
[Black "Grandesso, Emanuele"]
[Result "1/2-1/2"]
[WhiteElo "2466"]
[BlackElo "2092"]
[PlyCount "145"]
[EventDate "2007.11.01"]
[EventType "swiss"]
[EventRounds "6"]
[EventCountry "ITA"]
[SourceTitle "EXT 2008"]
[Source "ChessBase"]
[SourceDate "2007.11.25"]
[SourceVersion "1"]
[SourceVersionDate "2007.11.25"]
[SourceQuality "1"]

1. c4 c5 2. Nc3 b6 3. Nf3 Bb7 4. e3 Nf6 5. Be2 e6 6. 0-0 Be7 7. d4 cxd4 8. Nxd4 0-0 9. b3 a6 10. Bb2 d6 11. Bf3 Qc7 12. Rc1 Nbd7 13. Bxb7 Qxb7 14. Qf3 Qxf3 15. Nxf3 Rfc8 16. Rfd1 Kf8 17. Kf1 Rab8 18. Ba3 Ne8 19. Ne4 Nc5 20. Nxc5 bxc5 21. Bb2 a5 22. Bc3 a4 23. Nd2 Bf6 24. bxa4 Ra8 25. Ne4 Rxa4 26. Bxf6 gxf6 27. Nxd6 Nxd6 28. Rxd6 Rxa2 29. Rcd1 Rc2 30. Rd8+ Rxd8 31. Rxd8+ Kg7 32. Rc8 Rxc4 33. Ke1 Rc2 34. g3 h5 35. h4 Kg6 36. Rg8+ Kf5 37. Rg7 Ke4 38. Rxf7 f5 39. Re7 Kf3 40. Rxe6 Re2+ 41. Kd1 Rxf2 42. Rh6 Kxe3 43. Rxh5 Kd3 44. Ke1 Re2+ 45. Kf1 Re5 46. Rh8 c4 47. Rd8+ Kc2 48. Kf2 c3 49. Kf3 Kb3 50. Kf4 Re4+ 51. Kxf5 c2 52. Rd3+ Kb4 53. Kxe4 c1Q 54. Rf3 Qh1 55. Kf4 Kc4 56. Rf2 Qh3 57. Rc2+ Kd5 58. Rd2+ Ke6 59. Re2+ Kf6 60. Rf2 Kg6 61. Re2 Qf1+ 62. Ke3 Qg1+ 63. Kf4 Qd4+ 64. Kf3 Kf5 65. Kg2 Qd5+ 66. Kh2 Qd4 67. Kg2 Qd5+ 68. Kh2 Qf3 69. Rb2 Qd3 70. Kg2 Qe4+ 71. Kh2 Kg4 72. Rf2 Qe3 73. Rf4+ 1/2-1/2

[Event "Venice Autumn op 12th"]
[Site "Venice"]
[Date "2006.11.05"]
[Round "4"]
[White "Grandesso, Emanuele"]
[Black "Cristiani, Cesare"]
[Result "0-1"]
[WhiteElo "1967"]
[BlackElo "2163"]
[PlyCount "90"]
[EventDate "2006.11.03"]
[EventType "swiss"]
[EventRounds "5"]
[EventCountry "ITA"]
[SourceTitle "CBM 115 Extra"]
[Source "ChessBase"]
[SourceDate "2007.01.10"]
[SourceVersion "1"]
[SourceVersionDate "2007.01.10"]
[SourceQuality "1"]

1. c4 c5 2. Nf3 Nc6 3. Nc3 e5 4. g3 g6 5. Bg2 Bg7 6. d3 Nge7 7. 0-0 0-0 8. Rb1 d6 9. a3 h6 10. b4 Rb8 11. b5 Na5 12. e4 Be6 13. Be3 Qd7 14. Qd2 Kh7 15. Nd5 Bxd5 16. exd5 b6 17. Ne1 f5 18. f4 e4 19. Qc2 exd3 20. Qxd3 Rbe8 21. Nf3 Ng8 22. Rbe1 Nb7 23. Bf2 Nf6 24. Nh4 Ng4 25. Bf3 Nxf2 26. Kxf2 Bd4+ 27. Kg2 Bf6 28. Nxg6 Kxg6 29. Re6 Nd8 30. Bh5+ Kg7 31. Rxe8 Rxe8 32. Bxe8 Qxe8 33. Qxf5 Qe2+ 34. Rf2 Qxc4 35. g4 Bh4 36. Rc2 Qd4 37. Re2 Qf6 38. Qd7+ Nf7 39. f5 Qd4 40. Qe6 Qxg4+ 41. Kh1 Qf3+ 42. Kg1 Ne5 43. Rg2+ Bg5 44. Qe7+ Nf7 45. h4 Qxg2+ 0-1

[Event "Venice Autumn op 12th"]
[Site "Venice"]
[Date "2006.11.04"]
[Round "2"]
[White "Dvirnyy, Danyyil"]
[Black "Grandesso, Emanuele"]
[Result "1-0"]
[WhiteElo "2323"]
[BlackElo "1967"]
[PlyCount "95"]
[EventDate "2006.11.03"]
[EventType "swiss"]
[EventRounds "5"]
[EventCountry "ITA"]
[SourceTitle "CBM 115 Extra"]
[Source "ChessBase"]
[SourceDate "2007.01.10"]
[SourceVersion "1"]
[SourceVersionDate "2007.01.10"]
[SourceQuality "1"]

1. e4 g6 2. d4 Bg7 3. Nc3 d6 4. f4 Nf6 5. Nf3 0-0 6. Be2 c5 7. dxc5 dxc5 8. e5 Ng4 9. Qxd8 Rxd8 10. h3 Nh6 11. g4 Nc6 12. Be3 b6 13. 0-0 Bb7 14. Rfd1 Nb4 15. Rac1 Nd5 16. Nxd5 Bxd5 17. c4 Bb7 18. Ng5 Bc6 19. a3 f6 20. Rxd8+ Rxd8 21. Ne6 Rc8 22. Nxg7 Kxg7 23. exf6+ exf6 24. b4 Be4 25. Rd1 Rc7 26. Bc1 Kf7 27. Rd8 Ng8 28. Bb2 Ne7 29. Rd6 Ng8 30. Rd8 Ne7 31. g5 fxg5 32. fxg5 Nf5 33. Be5 Re7 34. Bf6 Rc7 35. Rh8 Ke6 36. Re8+ Ne7 37. Bg4+ Bf5 38. b5 Kd6 39. Kf2 Bxg4 40. hxg4 Ke6 41. Ke3 h5 42. gxh5 gxh5 43. Kf4 Kf7 44. Rxe7+ Rxe7 45. Bxe7 Kxe7 46. Kg3 Kf7 47. Kh4 Kg6 48. a4 1-0

[Event "Campodarsego op-B 16th"]
[Site "Campodarsego"]
[Date "2005.01.23"]
[Round "4"]
[White "De Nardi, Riccardo"]
[Black "Grandesso, Emanuele"]
[Result "1/2-1/2"]
[WhiteElo "1546"]
[BlackElo "1729"]
[PlyCount "38"]
[EventDate "2005.01.21"]
[EventType "swiss"]
[EventRounds "5"]
[EventCountry "ITA"]
[SourceTitle "EXT 2024"]
[Source "ChessBase"]
[SourceDate "2023.10.10"]
[SourceVersion "1"]
[SourceVersionDate "2023.10.10"]
[SourceQuality "1"]

1. e4 e5 2. Nf3 Nc6 3. d4 exd4 4. Bc4 h6 5. 0-0 d6 6. Nxd4 Nxd4 7. Qxd4 Bd7 8. e5 Bc6 9. exd6 Qxd6 10. Re1+ Ne7 11. Qxd6 cxd6 12. Bf4 Rd8 13. Nc3 g5 14. Bg3 f5 15. f3 f4 16. Bf2 d5 17. Bd4 Rg8 18. Bd3 Bg7 19. Rad1 Kf7 1/2-1/2

[Event "Padova Fornace op 4th"]
[Site "Padova"]
[Date "2001.12.23"]
[Round "5.28"]
[White "Morganti, Lionello"]
[Black "Grandesso, Emanuele"]
[Result "1-0"]
[WhiteElo "1687"]
[BlackElo "1500"]
[PlyCount "55"]
[EventDate "2001.12.15"]
[EventType "swiss"]
[EventRounds "6"]
[EventCountry "ITA"]
[SourceTitle "EXT 2024"]
[Source "ChessBase"]
[SourceDate "2023.10.10"]
[SourceVersion "1"]
[SourceVersionDate "2023.10.10"]
[SourceQuality "1"]

1. e4 e5 2. Nf3 Nc6 3. d4 exd4 4. Nxd4 Nxd4 5. Qxd4 d6 6. Bc4 Ne7 7. Bg5 Be6 8. 0-0 Bxc4 9. Qxc4 g6 10. Qb5+ Qd7 11. Qxb7 Qc8 12. Qxc8+ Rxc8 13. Bf6 Rg8 14. Nd2 Bh6 15. Nc4 Nc6 16. c3 Kd7 17. Rfd1 Rge8 18. e5 Bf4 19. exd6 Bxd6 20. Nxd6 cxd6 21. Rd2 Re6 22. Bh4 Rce8 23. f3 Re2 24. Rad1 Na5 25. Rxd6+ Kc8 26. Ra6 Nb7 27. Bg3 Rd8 28. Rc6# 1-0

[Event "Padova Fornace op 4th"]
[Site "Padova"]
[Date "2001.01.15"]
[Round "1.24"]
[White "Pomaro, Stefano"]
[Black "Grandesso, Emanuele"]
[Result "1-0"]
[WhiteElo "1713"]
[BlackElo "1500"]
[PlyCount "129"]
[EventDate "2001.12.15"]
[EventType "swiss"]
[EventRounds "6"]
[EventCountry "ITA"]
[SourceTitle "EXT 2024"]
[Source "ChessBase"]
[SourceDate "2023.10.10"]
[SourceVersion "1"]
[SourceVersionDate "2023.10.10"]
[SourceQuality "1"]

1. e4 e5 2. Nf3 Nc6 3. Bc4 d6 4. Nc3 Be7 5. d4 Bg4 6. Be3 Nf6 7. Bb5 0-0 8. Bxc6 bxc6 9. h3 Bh5 10. 0-0 exd4 11. Bxd4 Re8 12. g4 Bg6 13. e5 Nd7 14. Re1 Bf8 15. exd6 Rxe1+ 16. Qxe1 cxd6 17. Qd2 c5 18. Be3 Qf6 19. Kg2 Ne5 20. Nxe5 Qxe5 21. f4 Be4+ 22. Kg3 Qe7 23. Re1 Re8 24. Bxc5 dxc5 25. Rxe4 Qd8 26. Qxd8 Rxd8 27. Rc4 g6 28. Ne4 Rc8 29. b4 Be7 30. bxc5 f5 31. gxf5 gxf5 32. Ng5 Bxc5 33. Kf3 Rc6 34. Ne6 Rxe6 35. Rxc5 Rf6 36. Rc8+ Kg7 37. Rc7+ Rf7 38. Rxf7+ Kxf7 39. c4 Ke6 40. Ke3 Kd6 41. Kd4 h5 42. h4 a5 43. c5+ Ke6 44. c6 Kd6 45. c7 Kxc7 46. Ke5 Kd8 47. Kxf5 Ke7 48. Kg6 Kf8 49. f5 a4 50. Kxh5 Kf7 51. Kg5 a3 52. h5 Kg7 53. f6+ Kg8 54. Kg6 Kh8 55. h6 Kg8 56. f7+ Kf8 57. h7 Ke7 58. h8Q Kd6 59. Kf6 Kc5 60. Ke5 Kb4 61. Qc8 Ka4 62. Kd5 Kb4 63. Qb8+ Kc3 64. f8Q Kd2 65. Qff4+ 1-0